Diccionario conceptual de informática y comunicaciones
Sábháilte in:
| Príomhchruthaitheoirí: | , |
|---|---|
| Formáid: | LEABHAR |
| Teanga: | Béarla Fraincis Spáinnis |
| Foilsithe / Cruthaithe: |
Madrid
Paraninfo
1998
|
| Ábhair: | |
| Clibeanna: |
Cuir clib leis
Níl clibeanna ann, Bí ar an gcéad duine le clib a chur leis an taifead seo!
|
MARC
| LEADER | 00000nam a2200000 a 4500 | ||
|---|---|---|---|
| 001 | UCO4812 | ||
| 003 | CL-VaPUC | ||
| 008 | 000817e19980000SP |||||||||||||||||eng|d | ||
| 041 | 0 | 7 | |a eng |2 CL-VaPUC |
| 041 | 0 | 7 | |a fre |2 CL-VaPUC |
| 041 | 0 | 7 | |a spa |2 CL-VaPUC |
| 082 | 0 | 4 | |a 004.3 |b RIN |2 21 |
| 100 | 0 | |a Rincón, Antonio |e author |9 449461 | |
| 700 | 0 | |a Plágaro, Julio María |e author |9 449462 | |
| 245 | 1 | 0 | |a Diccionario conceptual de informática y comunicaciones |
| 300 | |a 616 p | ||
| 942 | |c BK | ||
| 945 | |d 20000817 00:00:00 |a vberengu | ||
| 260 | |a Madrid |b Paraninfo |c 1998 | ||
| 650 | 7 | |a COMUNICACIONES |2 CL-VaPUC |9 260778 | |
| 650 | 0 | |a Diccionarios |9 256200 | |
| 650 | 0 | |a Glosarios |9 261047 | |
| 650 | 0 | |a Informática |9 260044 | |
| 583 | |a last modification |c 20000817 00:00:00 |k Rodrigo Vera | ||
| 999 | |c 290803 |d 290801 | ||
| 952 | |0 0 |1 0 |4 0 |6 004_300000000000000_RIN_1998 |7 0 |8 F |9 340382 |a BIBGIM |b BIBGIM |d 2019-11-20 |i 3642070 |o 004.3 RIN 1998 |p 3642070 |r 2025-01-15 |w 2019-11-20 |y BK_F |k GIM | ||